000 00700nam a22002177a 4500
005 20170124105946.0
010 _aA-596652
020 _c00.00
_a8185814082
035 _aA-596652
037 _bCen Lib/Ret
040 _aDPL
_bEN
082 _a335.954
_bGHO
100 _aGhosh, Arun
_912475
245 _aIndia in transition :
_cby Arun Ghosh
_beconomic policy option /
260 _aAllahabad
_bWheeler Publishing
_c1992
270 _a23, L. B. Shastri Marg
_bAllahabad
300 _a202p.
_c21cm(Hb)
650 _aEconomic policy
_93998
650 _aIndia -- Economic policy -- 1980-
_927220
942 _2ddc
_cEN
_h335.954
_mGHO
999 _c124940
_d124940